000
00316nam a22001457a 4500
008
231004b ||||| |||| 00| 0 eng d
020
_a
0262181118
041
_a
eng
080
_a
521
082
_a
521RIG
100
_a
19
101
_a
ASTRO
245
_a
A HUNDRED BILLION STARS
_c
RIGUTTI .M
942
_2
udc
_c
BK
999
_c
60422
_d
60422